Every NOCCO Flavour Ever Produced - Statistics

General Stats
  • This quiz has been taken 12 times
    9 since last reset
  • The average score is 8 of 56
Answer Stats
Year Flavour % Correct
2016 Äpple
67%
2015 Cola
67%
2024 Grand Sour
67%
2025 Pomelo
67%
2022 Ramonade
67%
2024 San Citro
67%
2025 Arancia
33%
2024 Berruba
33%
2025 Blood Orange
33%
2020 Blood Orange
33%
2018 Carnival
33%
2017 Cassis
33%
2014 Citrus Fläder
33%
2021 Cloudy Soda
33%
2021 Golden Grape
33%
2014 Jordgubb Rabarber
33%
2014 Päron
33%
2014 Röda Bär
33%
2021 Sunny Soda
33%
2016 Apelsin
0%
2023 Black Orange
0%
2019 Blueberry
0%
2016 Blue Raspberry
0%
2017 Caribbean
0%
2016 Cherry
0%
2015 Citron Lime
0%
2023 Golden Era
0%
2026 Golden Soleil
0%
2015 Hallon
0%
2018 Hallon Citron
0%
2019 Ice Soda
0%
2022 Juicy Breeze
0%
2023 Juicy Melba
0%
2023 Juicy Ruby
0%
2015 Julmust
0%
2020 Legend Soda
0%
2025 Lemon Lime
0%
2020 Limon Del Sol
0%
2021 Mango
0%
2017 Melon Crush
0%
2019 Miami Strawberry
0%
2025 Påskmust
0%
2018 Passion
0%
2025 Passionite
0%
2024 Peachango
0%
2022 Pearade
0%
2025 Persika
0%
2026 Pink Grape
0%
2020 Raspberry Blast
0%
2018 Rudolfs Juläpple
0%
2017 Skum Hare
0%
2020 Skum Nisse
0%
2016 Skum Tomte
0%
2025 Stellar Blend
0%
2025 The Berries
0%
2016 Tropical
0%
No matching quizzes found
Score Distribution
Percent of People with Each Score
Percentile by Number Answered
Your Score History
You have not taken this quiz since the last reset